Statistics for Geography by Picture - D

Click here to take the quiz!

General Stats

  • This quiz has been taken 39,432 times
    (39,402 since last reset)
  • The average score is 11 of 18

Answer Stats

Answer% Correct
Dubai
96%
Denmark
94%
Dead Sea
85%
Delaware
83%
Danube
80%
Delta
73%
Dover
70%
Dallas
64%
Detroit
57%
Dublin
56%
Djibouti
52%
Diwali
50%
Denali
47%
Dubrovnik
44%
Delhi
38%
Dome of the Rock
33%
Doha
28%
Donegal
19%

Score Distribution

Percentile by Number Answered

Percent of People with Each Score

Your Score History

You have not taken this quiz since the last reset